Batman Schauspieler - Statistiken

Allgemein
  • Dieses Quiz wurde 74 mal gespielt
  • Das Durchschnittsergebnis liegt bei 5 aus 11
Antwortstatistiken
Jahre Serie / Film Schauspieler % Korrekt
2005-2012 The-Dark-Knight-Trilogie Christian Bale
92%
1997,2023 Batman & Robin,The Flash George Clooney
80%
2022 The Batman Robert Pattinson
76%
2016-2023 DC Extended Universe Ben Affleck
67%
1989-1992,2023 Batman,Batmans Rückkehr, The Flash Michael Keaton
58%
1995 Batman Forever Val Kilmer
55%
1966-1968 Batman hält die Welt in Atem,Batman Adam West
50%
1943 Batman und Robin Lewis Wilson
6%
2018-2023 Titans Iain Glen
3%
1949 Batman and Robin Robert Lowery
3%
2019-2022 Batwoman Warren Christie
2%
Keine übereinstimmenden Quizze gefunden
Verteilung der Resultate
Anzahl Personen mit jedem Resultat
Perzentil nach korrekt beantworteten Fragen
Ihre Resultats-Entwicklung
Sie haben dieses Quiz noch nicht gespielt